Edward said /

Bibliographic Details
Main Author: Ashcroft, Bill, 1946-
Other Authors: Ahluwalia, D. P. S. (D. Pal S.)
Format: Book
Language:English
Published: London ; New York : Routledge, 2001 [reprinted 2007].
Subjects:
Classic Catalogue: View this record in Classic Catalogue
LEADER 01102nam a2200301 a 4500
001 12148033
003 BD-DhAAL
005 20260106143555.0
008 100524r20012007nyu b 001 0 eng d
010 |a  00062747  
020 |a 0415247772 (hc) 
020 |a 0415247780 (pbk.) 
040 |a DLC  |c DLC  |d DLC  |d DB-DhAAL 
082 0 0 |a 801/.95/092  |2 21 
100 1 |a Ashcroft, Bill,  |d 1946- 
245 1 0 |a Edward said /  |c Bill Ashcroft and Pal Ahluwalia. 
260 |a London ;  |a New York :  |b Routledge,  |c 2001 [reprinted 2007]. 
300 |a viii, 167 pages ;  |c 21 cm. 
504 |a Includes bibliographical references (p. [143]-162) and index. 
541 1 |e 00020290 
600 1 0 |a Said, Edward W. 
650 0 |a Politics and literature. 
650 0 |a Criticism  |x Political aspects.  |9 6306 
700 1 |a Ahluwalia, D. P. S.  |q (D. Pal S.)  |9 59860 
852 4 |a Ayesha Abed Library   |j General Shelf. 
942 |2 ddc  |c BK 
999 |c 8699  |d 8699 
952 |0 0  |1 0  |2 ddc  |4 0  |6 801_950920000000000_ASH_2007  |7 0  |9 10469  |a BRACUL  |b BRACUL  |c GEN  |d 2010-05-24  |l 4  |m 19  |o 801.95092 ASH  |p 3010020290  |r 2025-05-12  |s 2025-05-03  |t 1  |w 2010-05-24  |y BK